000 00704nam a2200217 i 4500
001 105072
003 ES-MaACL
005 20230906183756.0
007 t|
008 060609s1998 fr ||||1| fre d
020 _a2-02-031610-2
080 _a273.16
100 1 _aGould, Stephen Jay.
_959339
245 1 0 _aMillénium
_b: histoire naturelle et artificielle de l'an 2000 /
_cStephen Jay Gould ; traduit de l'anglais (Etats-Unis) par Nicolas Witkowski.
260 _aParis :
_bSeuil,
_c[1998]
300 _a120 p. ;
_c21 cm.
500 _aBiblioteca Jacinto MartĂ­nez Lacalle.
650 1 4 _aMilenarismo.
_915036
700 1 _aWitkowski, Nicolas.
_9117170
852 _aES-MaACL
_jE-11255
_bR.139214
999 _c105072
_d105072